The theory of international trade / (Record no. 123601)

MARC details
000 -LEADER
fixed length control field 00716nam a22002297a 4500
005 - DATE AND TIME OF LATEST TRANSACTION
control field 20170124105927.0
010 ## - LIBRARY OF CONGRESS CONTROL NUMBER
LC control number A-828615
020 ## - INTERNATIONAL STANDARD BOOK NUMBER
International Standard Book Number 0709909179
Terms of availability 00.00
035 ## - SYSTEM CONTROL NUMBER
System control number A-828615
037 ## - SOURCE OF ACQUISITION
Source of stock number/acquisition Cen Lib/Ret
040 ## - CATALOGING SOURCE
Original cataloging agency DPL
Language of cataloging EN
082 ## - DEWEY DECIMAL CLASSIFICATION NUMBER
Classification number 382.0724
Item number ELA
100 ## - MAIN ENTRY--PERSONAL NAME
Personal name El-Agraa, Ali M.
9 (RLIN) 7139
245 ## - TITLE STATEMENT
Title The theory of international trade /
Statement of responsibility, etc by Ali M. El-Agraa
260 ## - PUBLICATION, DISTRIBUTION, ETC. (IMPRINT)
Place of publication, distribution, etc London
Name of publisher, distributor, etc Croom Helm
Date of publication, distribution, etc 1983
270 ## - ADDRESS
City London
300 ## - PHYSICAL DESCRIPTION
Extent 186p. :
Dimensions 21cm(Hb)
Other physical details ill.
500 ## - GENERAL NOTE
General note Includes bibliographical reference and index
650 ## - SUBJECT ADDED ENTRY--TOPICAL TERM
Topical term or geographic name as entry element International economic relations--mathematical models
9 (RLIN) 7140
650 ## - SUBJECT ADDED ENTRY--TOPICAL TERM
Topical term or geographic name as entry element Commerce--mathematical models
9 (RLIN) 7141
942 ## - ADDED ENTRY ELEMENTS (KOHA)
Source of classification or shelving scheme Dewey Decimal Classification
Koha item type English Books
Classification part 382.0724
Call number suffix ELA
Holdings
Withdrawn status Lost status Damaged status Not for loan Home library Current library Date acquired Source of acquisition Cost, normal purchase price Total Checkouts Full call number Barcode Date last seen Copy number Cost, replacement price Price effective from Koha item type Public note
Written off       Central Library Central Library 09/06/2015 Cen Lib/Ret 0.00   382.0724 ELA A-828615 09/06/2015 1 0.00 09/06/2015 English Books Written off on approval by DLB (By Circulation); dtd 15-06-2023

© Delhi Public Library
Hit Counter
free hit counter